000 01119nam a2200373 i 4500
001 7686
003 KOSZ 005
005 20191002090801.0
008 070717s1972 pl a f |000 0 pol
015 _aPB 1972/3440
035 _a(OCoLC)830843655
040 _aWA N
_cWA N
_dKOSZ 005/HR
046 _k1965
080 _a663.1
080 _a579
080 _a(07)
100 1 _aPaluch, Jan
_d(1912-1982).
_eAutor
245 1 0 _aPodstawy mikrobiologii przemysłowej /
_cJan Paluch.
250 _aWyd. 3 popr. i uzup.
260 _aWarszawa :
_bWydawnictwa Naukowo-Techniczne,
_c1972.
300 _a384, [3] s. :
_bil. ;
_c24 cm.
380 _aKsiążki
380 _aPublikacje dydaktyczne
388 _a1901-2000
388 _a1945-1989
504 _aBibliogr.
658 _aBiologia
658 _aInżynieria i technika
650 4 _aMikrobiologia przemysłowa
655 4 _aPodręcznik
710 2 _aWydawnictwa Naukowo-Techniczne
_4pbl.
856 _uhttp://koha.tu.koszalin.pl/cgi-bin/koha/opac-detail.pl?biblionumber=7686
_yKatalog online BPK
942 _2UKD
_cKS
999 _c7686
_d7686